লোডিং...

Communication in organizations

গ্রন্থ-পঞ্জীর বিবরন
প্রধান লেখক: Rogers, Everett M.
অন্যান্য লেখক: Agarwala-Rogers, Rekha
বিন্যাস: Printed Book
ভাষা:English
প্রকাশিত: 1976
LEADER 00481nam a22001457a 4500
005 20151215125240.0
008 091117t xxu||||| |||| 00| 0 eng d
082 |a X:862  |b L6 
100 |a Rogers, Everett M.  |9 9474 
245 |a Communication in organizations 
700 |a Agarwala-Rogers, Rekha  |9 9473 
942 |c BK  |6 _ 
260 |c 1976 
999 |c 100209  |d 100209 
952 |0 0  |1 0  |2 ddc  |4 0  |6 X862_L6  |7 0  |9 126369  |a SMS  |b SMS  |c GEN  |d 2009-11-17  |l 1  |o X:862 L6  |p SMS010977  |r 2014-07-08  |s 2014-07-08  |w 2009-11-17  |y BK